Entry Personal Name
Number of records used in: 1
001 - CONTROL NUMBER
003 - CONTROL NUMBER IDENTIFIER
005 - DATE AND TIME OF LATEST TRANSACTION
- control field:
20231101110426.0
008 - FIXED-LENGTH DATA ELEMENTS
- fixed length control field:
231101|| aca||aabn | a|a d
040 ## - CATALOGING SOURCE
- Original cataloging agency:
JRU
- Transcribing agency:
JRU
100 ## - HEADING--PERSONAL NAME
- Personal name:
MATHUR, D.N
670 ## - SOURCE DATA FOUND
- Source citation:
Work cat.: (JRU)8439: MATHUR, D.N, PROFESSIONAL ETHICS ACCOUNTABILITY FOR LAWYERS AND BENCH-BAR REGULATIONS, 2023